=LDR 00000nam 2200000 4500 =001 INLIS000000000005856 =005 20130612094040 =008 ***********************************Ind** =035 ##$$0010-061300000005856 =041 ##$$a Ind =082 ##$$a 220 =090 ##$$a 220, Cer p =100 ##$$a CERMAT, H.L =245 ##$$a Pedoman Alkitab praktis, Alkitab: Apakah isinya, H.L. Cermat =260 ##$$a 1993 $b Bandung =300 ##$$a 80 hlm, ilus, 25 cm =650 ##$$a Alkitab - Pedoman =850 ##$$a NBPNMAT